<?xml version="1.0" encoding="UTF-8"?>
<record
    xmlns:xsi="http://www.w3.org/2001/XMLSchema-instance"
    xsi:schemaLocation="http://www.loc.gov/MARC21/slim http://www.loc.gov/standards/marcxml/schema/MARC21slim.xsd"
    xmlns="http://www.loc.gov/MARC21/slim">

  <leader>02780nam a22002777a 4500</leader>
  <controlfield tag="003">DO-SdBJH</controlfield>
  <controlfield tag="005">20260630221200.0</controlfield>
  <controlfield tag="008">260630b2025    |||do||| |||| 00| 0 spa d</controlfield>
  <datafield tag="040" ind1=" " ind2=" ">
    <subfield code="a">DO-SdBJH</subfield>
    <subfield code="b">spa</subfield>
    <subfield code="c">DO-SdBJH</subfield>
  </datafield>
  <datafield tag="041" ind1="0" ind2=" ">
    <subfield code="a">spa</subfield>
  </datafield>
  <datafield tag="090" ind1=" " ind2=" ">
    <subfield code="a">CT CM-0007</subfield>
    <subfield code="b">AMBC 2025</subfield>
  </datafield>
  <datafield tag="100" ind1="1" ind2=" ">
    <subfield code="a">Aquino Fragoso, Emmanuel</subfield>
    <subfield code="e">sustentante</subfield>
  </datafield>
  <datafield tag="245" ind1="1" ind2="0">
    <subfield code="a">Proyecto de desarrollo de infraestructura en la 3ra. Brigada de Infanter&#xED;a del Ej&#xE9;rcito de Rep&#xFA;blica Dominicana para albergar personal femenino :</subfield>
    <subfield code="b">a&#xF1;o 2025 /</subfield>
    <subfield code="c">Emmanuel Aquino Fragoso, Miledy Feliz Ruiz ; asesor de contenido Wilson Brito Mej&#xED;a ; asesor metodol&#xF3;gico David Aguiar.</subfield>
  </datafield>
  <datafield tag="260" ind1=" " ind2=" ">
    <subfield code="a">Santo Domingo, Rep&#xFA;blica Dominicana :</subfield>
    <subfield code="b">UNADE,</subfield>
    <subfield code="c">2025.</subfield>
  </datafield>
  <datafield tag="300" ind1=" " ind2=" ">
    <subfield code="a">xv, 83, [04] p&#xE1;ginas :</subfield>
    <subfield code="b">gr&#xE1;ficas, fotograf&#xED;as.</subfield>
  </datafield>
  <datafield tag="502" ind1=" " ind2=" ">
    <subfield code="a">Tesis y trabajos de grado (Licenciatura en Ciencias Militares)--Universidad Nacional para la Defensa "General Juan Pablo Duarte y D&#xED;ez", Academia Militar "Batalla de las Carreras", Santo Domingo, 2025.</subfield>
  </datafield>
  <datafield tag="504" ind1=" " ind2=" ">
    <subfield code="a">Incluye referencias bibliogr&#xE1;ficas y anexos.</subfield>
  </datafield>
  <datafield tag="505" ind1=" " ind2=" ">
    <subfield code="a">Determinar las necesidades especificas del personal femenino en la 3ra Brigada de Infanter&#xED;a, ERD, en cuanto a infraestructura y servicios -- Desaf&#xED;os potenciales en el proceso de construcci&#xF3;n y mantenimiento de la infraestructura destinada al personal femenino en la 3ra Brigada de infanter&#xED;a, ERD -- Construcci&#xF3;n de infraestructuras adecuadas para albergar personal femenino en la 3ra Brigada de infanter&#xED;a del Ejercito de ERD.</subfield>
  </datafield>
  <datafield tag="520" ind1=" " ind2=" ">
    <subfield code="a">En el presente trabajo de investigaci&#xF3;n se propone la creaci&#xF3;n de un Proyecto de Desarrollo de Infraestructura en la 3ra Brigada de Infanter&#xED;a del Ejercito de la Rep&#xFA;blica Dominicana, cuyo objetivo principal es la educaci&#xF3;n y construcci&#xF3;n de instalaciones destinadas a albergar personal femenino, en un esfuerzo por mejorar la infraestructura militar y garantizar condiciones adecuadas para todos los miembros de la instituci&#xF3;n.  Este proyecto representa un avance significativo en la modernizaci&#xF3;n de la Tercera Brigada de Infanter&#xED;a, ya que no solo busca optimizar la eficacia operacional, sino tambi&#xE9;n promover valores fundamentales como la igualdad, la inclusi&#xF3;n y el respeto entre todo el personal que integra el Ejercito de la Rep&#xFA;blica Dominicana</subfield>
  </datafield>
  <datafield tag="650" ind1=" " ind2="7">
    <subfield code="2">lemb</subfield>
    <subfield code="a">Mujeres militares</subfield>
    <subfield code="v">Tesis y disertaciones acad&#xE9;micas</subfield>
    <subfield code="x">Alojamiento &#x2021;x Infraestructura militar </subfield>
    <subfield code="y">Siglo XXI</subfield>
    <subfield code="z">Rep&#xFA;blica Dominicana</subfield>
  </datafield>
  <datafield tag="650" ind1=" " ind2="7">
    <subfield code="2">lemb</subfield>
    <subfield code="a">Ej&#xE9;rcito de Rep&#xFA;blica Dominicana</subfield>
    <subfield code="v">Tesis y disertaciones acad&#xE9;micas</subfield>
    <subfield code="x">Instalaciones militares</subfield>
    <subfield code="x">Planificaci&#xF3;n</subfield>
    <subfield code="x">Personal femenino</subfield>
    <subfield code="y">Siglo XXI</subfield>
    <subfield code="z">Rep&#xFA;blica Dominicana</subfield>
  </datafield>
  <datafield tag="700" ind1="1" ind2=" ">
    <subfield code="a">Miledy Feliz Ruiz ; </subfield>
    <subfield code="e">sustentante</subfield>
  </datafield>
  <datafield tag="700" ind1="1" ind2=" ">
    <subfield code="a">Brito Mej&#xED;a, Wilson</subfield>
    <subfield code="e">asesor de contenido</subfield>
  </datafield>
  <datafield tag="700" ind1="1" ind2=" ">
    <subfield code="a">Aguiar, David</subfield>
    <subfield code="e">asesor metodol&#xF3;gico</subfield>
  </datafield>
  <datafield tag="942" ind1=" " ind2=" ">
    <subfield code="2">CL</subfield>
    <subfield code="c">T</subfield>
  </datafield>
  <datafield tag="999" ind1=" " ind2=" ">
    <subfield code="c">8731</subfield>
    <subfield code="d">8731</subfield>
  </datafield>
  <datafield tag="952" ind1=" " ind2=" ">
    <subfield code="0">0</subfield>
    <subfield code="1">0</subfield>
    <subfield code="2">CL</subfield>
    <subfield code="4">0</subfield>
    <subfield code="7">0</subfield>
    <subfield code="8">TG</subfield>
    <subfield code="a">BJHA</subfield>
    <subfield code="b">BJHA</subfield>
    <subfield code="c">GEN</subfield>
    <subfield code="d">2026-06-30</subfield>
    <subfield code="i">25-02589</subfield>
    <subfield code="l">0</subfield>
    <subfield code="o">CT CM-0007 AMBC 2025</subfield>
    <subfield code="p">25-02589</subfield>
    <subfield code="r">2026-06-30 14:18:38</subfield>
    <subfield code="t">e.1</subfield>
    <subfield code="w">2026-06-30</subfield>
    <subfield code="y">T</subfield>
  </datafield>
</record>
